000 00575nam a2200193Ia 4500
001 33096
003 IN-NITTTR
005 20251114233436.0
008 251113s9999||||xx |||||||||||||| ||eng||
040 _beng
040 _cIN-NITTTR
041 _aeng
082 _aTA658.44 .P47 2017e
100 _aPlevris, Vagelis
245 0 _aPerformance-Based Seismic Design of Concrete Structures and Infrastructures /
_cPlevris, Vagelis, IGI Global, Kremmyda, Georgia, Fahjan, Yasin
700 _a Georgia, Fahjan Yasin
700 _a IGI Global, Kremmyda
942 _2ddc
_cBK
999 _c35623
_d35623